<?xml version="1.0" encoding="UTF-8"?>
<record
    xmlns:xsi="http://www.w3.org/2001/XMLSchema-instance"
    xsi:schemaLocation="http://www.loc.gov/MARC21/slim http://www.loc.gov/standards/marcxml/schema/MARC21slim.xsd"
    xmlns="http://www.loc.gov/MARC21/slim">

  <leader>00328nam a22000977a 4500</leader>
  <controlfield tag="008">230913b        |||||||| |||| 00| 0 eng d</controlfield>
  <datafield tag="040" ind1=" " ind2=" ">
    <subfield code="a">National Science Library</subfield>
    <subfield code="c">National Science Library</subfield>
  </datafield>
  <datafield tag="245" ind1=" " ind2=" ">
    <subfield code="a">Studii cercetari de inframicrobiologie</subfield>
  </datafield>
  <datafield tag="260" ind1=" " ind2=" ">
    <subfield code="a">Bucuresti: </subfield>
    <subfield code="b">Editura Academiei Republicii Socialiste Romania, </subfield>
  </datafield>
  <datafield tag="942" ind1=" " ind2=" ">
    <subfield code="c">CR</subfield>
  </datafield>
  <datafield tag="999" ind1=" " ind2=" ">
    <subfield code="c">60641</subfield>
    <subfield code="d">60641</subfield>
  </datafield>
  <datafield tag="952" ind1=" " ind2=" ">
    <subfield code="0">0</subfield>
    <subfield code="1">0</subfield>
    <subfield code="3">Vol. 17, 1966</subfield>
    <subfield code="4">0</subfield>
    <subfield code="7">0</subfield>
    <subfield code="9">143105</subfield>
    <subfield code="a">NSL</subfield>
    <subfield code="b">NSL</subfield>
    <subfield code="c">SF/Rk-67/C-1/R-2</subfield>
    <subfield code="d">1968-03-16</subfield>
    <subfield code="l">0</subfield>
    <subfield code="p">23658</subfield>
    <subfield code="r">2023-09-13 00:00:00</subfield>
    <subfield code="w">1968-03-16</subfield>
    <subfield code="y">CR</subfield>
  </datafield>
  <datafield tag="952" ind1=" " ind2=" ">
    <subfield code="0">0</subfield>
    <subfield code="1">0</subfield>
    <subfield code="3">Vol. 18, 1967</subfield>
    <subfield code="4">0</subfield>
    <subfield code="7">0</subfield>
    <subfield code="9">143109</subfield>
    <subfield code="a">NSL</subfield>
    <subfield code="b">NSL</subfield>
    <subfield code="c">SF/Rk-67/C-1/R-2</subfield>
    <subfield code="d">1970-09-19</subfield>
    <subfield code="l">0</subfield>
    <subfield code="p">35927</subfield>
    <subfield code="r">2023-09-13 00:00:00</subfield>
    <subfield code="w">1970-09-19</subfield>
    <subfield code="y">CR</subfield>
  </datafield>
</record>
